00174nam a2200061Ia 4500008004100000100002300041245004800064120527s9999 xx 000 0 und d aHalgin, p. ricahrd aTaking sides: issues in abnormal psychology